How to know the mammals (Record no. 5852)

MARC details
000 -LEADER
fixed length control field 00888cam a2200289 4500
001 - CONTROL NUMBER
control field 1342100
003 - CONTROL NUMBER IDENTIFIER
control field OSt
005 - DATE AND TIME OF LATEST TRANSACTION
control field 20170927153514.0
008 - FIXED-LENGTH DATA ELEMENTS--GENERAL INFORMATION
fixed length control field 720412t19721971iaua b 001 0 eng
010 ## - LIBRARY OF CONGRESS CONTROL NUMBER
LC control number 79129604
040 ## - CATALOGING SOURCE
Original cataloging agency DLC
Transcribing agency DLC
Modifying agency DLC
043 ## - GEOGRAPHIC AREA CODE
Geographic area code n------
082 ## - DEWEY DECIMAL CLASSIFICATION NUMBER
Classification number 599
Item number BOO 1961
100 1# - MAIN ENTRY--PERSONAL NAME
Personal name Booth, Ernest S.
Fuller form of name (Ernest Sheldon)
9 (RLIN) 12167
245 10 - TITLE STATEMENT
Title How to know the mammals
Statement of responsibility, etc. [by] Ernest S. Booth.
250 ## - EDITION STATEMENT
Edition statement 2nd.ed.
260 ## - PUBLICATION, DISTRIBUTION, ETC. (IMPRINT)
Place of publication, distribution, etc. Dubuque, Iowa,
Name of publisher, distributor, etc. W. C. Brown Co.
Date of publication, distribution, etc. 1961
300 ## - PHYSICAL DESCRIPTION
Extent 203 p.
Other physical details illus.
Dimensions 22 cm.
490 0# - SERIES STATEMENT
Series statement Pictured-key nature series
504 ## - BIBLIOGRAPHY, ETC. NOTE
Bibliography, etc Bibliography: p. 11-13.
650 #0 - SUBJECT ADDED ENTRY--TOPICAL TERM
Topical term or geographic name as entry element Mammals
Geographic subdivision North America
General subdivision Identification.
9 (RLIN) 12168
650 #0 - SUBJECT ADDED ENTRY--TOPICAL TERM
Topical term or geographic name as entry element Mammals
General subdivision Identification.
9 (RLIN) 12169
650 #0 - SUBJECT ADDED ENTRY--TOPICAL TERM
Topical term or geographic name as entry element Mammals
General subdivision Collection and preservation.
9 (RLIN) 12170
740 0# - ADDED ENTRY--UNCONTROLLED RELATED/ANALYTICAL TITLE
Uncontrolled related/analytical title Mammals.
906 ## - LOCAL DATA ELEMENT F, LDF (RLIN)
a 7
b cbc
c orignew
d 2
e ncip
f 19
g y-gencatlg
942 ## - ADDED ENTRY ELEMENTS (KOHA)
Source of classification or shelving scheme Dewey Decimal Classification
Koha item type Open Shelf
Holdings
Withdrawn status Lost status Source of classification or shelving scheme Damaged status Not for loan Home library Current library Date acquired Source of acquisition Inventory number Total Checkouts Full call number Barcode Date last seen Price effective from Koha item type
    Dewey Decimal Classification     MUST Main Library MUST Main Library 27/09/2017   2013/36925   599 BOO 1961 2017-0851 27/09/2017 27/09/2017 Open Shelf